000 00832nam a22002777a 4500
001 7711
003 FISKH
005 20250731160114.0
008 250731b cb ||||| |||| 00| 0 eng d
020 _a9781558581388
040 _aFISKH
_beng
_cFISKH
_dFISKH
050 _aPZ7
100 _aHol, Coby
245 _aTippy bear and little Sam /
_cWritten and Illustrated by Coby Hol
260 _aNew York :
_bNorth-South BOoks ,
_c1992.
300 _a32 unnumbered pages :
_bcolor illustrations ;
_c23 cm .
505 _aH
520 _aTippy Bear visits his new baby cousin Sam and helps take care of him.
521 8 _a430
_bLexile estimate
521 8 _aH
_bRaz-Plus
650 _aBabies
_vFiction
650 _aBears
_vFiction
650 _aCousins
_vFiction
942 _2ddc
_cBK
_n0
999 _c7711
_d7711